|
|
|
|
| LEADER |
01644nam a22004092a 4500 |
| 001 |
000853327 |
| 003 |
CZ BrMZK |
| 005 |
20130424061043.0 |
| 007 |
ta |
| 008 |
070606s1985 xr af er|||||||||||cze d |
| 015 |
|
|
|a cnb000014591
|
| 035 |
|
|
|a (OCoLC)14168570
|
| 040 |
|
|
|a BOA001
|b cze
|
| 080 |
9 |
|
|a 929Pivec,J.
|
| 080 |
9 |
|
|a 885.0-94
|
| 080 |
9 |
|
|a 792.071.2
|
| 100 |
1 |
|
|a Pivec, Jan,
|d 1907-1980
|7 jz8000989
|4 aut
|
| 245 |
1 |
0 |
|a Thespidova kára Jana Pivce /
|c Jan Pivec ; podle dochovaného textu, vyprávění J. Pivce, z dobových dokumentů a vzpomínek přátel k vyd. připravili ... Bohumil Bezouška, Věra Pivcová,Jaroslav Švehla
|
| 250 |
|
|
|a 1. vyd.
|
| 260 |
|
|
|a Praha :
|b Odeon,
|c 1985
|
| 300 |
|
|
|a 383 s., [104] s. obr. příl. ;
|b il. ;
|c 21 cm
|
| 490 |
1 |
|
|a Klub čtenářů
|
| 500 |
|
|
|a 63000 výt.
|
| 500 |
|
|
|a Obsahuje rejstřík
|
| 500 |
|
|
|a Seznam divadelních a filmových rolí J. Pivce
|
| 500 |
|
|
|a Frontispis
|
| 600 |
1 |
7 |
|a Pivec, Jan,
|d 1907-1980
|7 jz8000989
|2 czenas
|
| 700 |
1 |
|
|a Pivcová, Věra,
|d 1915-1995
|7 jx20080423023
|4 com
|
| 700 |
1 |
|
|a Švehla, Jaroslav,
|d 1901-1991
|7 jk01131894
|4 com
|
| 700 |
1 |
|
|a Bezouška, Bohumil,
|d 1921-1995
|7 jk01011985
|4 com
|
| 830 |
|
0 |
|a Klub čtenářů (Odeon)
|0 s
|
| 856 |
4 |
1 |
|u http://www.digitalniknihovna.cz/mzk/uuid/uuid:821d1140-ad78-11e2-b6da-005056827e52
|y Digitalizovaný dokument
|x NDK
|
| 910 |
|
|
|a BOA001
|b 2-0898.348
|
| 990 |
|
|
|a BK
|
| 991 |
|
|
|b 200706
|
| 996 |
7 |
|
|b 2619323481
|c 2-0898.348
|l MZK
|r Sklad / do 1 hodiny
|n 3
|w 000853327
|u 000020
|a 1
|e BOA001
|j MZK50
|s A
|
| 996 |
6 |
|
|b 2619323482
|c 2-0898.348
|l MZK
|r Sklad / do 1 hodiny
|n 0
|w 000853327
|u 000010
|a 1
|e BOA001
|j MZK50
|s P
|